00553nam a22001577a 4500020000800000040001600008082001700024100003400041245009000075250001200165260004700177300004100224942001200265999001900277952009900296 qPB. cFizza Ishaq a174.915bMAT aCanter, B. Mathilda. 9134242 aEthics for Psychologists: A Commentary on the Apa Ethics Code /c Mathilda B. Canter. a1st Ed. aNew York :bAmer Psychological Assnc1994. a254 p, ;c7.25 x 0.75 x 10.25 inches 2ddccBK c617216d617216 00102ddc4070aNQCbNQCcGENd2026-04-23l0o174.915 MATpQD-135r2026-04-23w2026-04-23yBK